| 000 | 00439nam a2200157 4500 | ||
|---|---|---|---|
| 001 | 122812 | ||
| 003 | ES-MaACL | ||
| 005 | 20230906192039.0 | ||
| 007 | t| | ||
| 008 | 070214s1941 sp r ||||0| spa d | ||
| 100 | 1 |
_aPujiula, Jaime. _994329 |
|
| 245 | 1 | 0 |
_aProblemas biológicos / _cpor Jaime Pujiula. |
| 260 |
_aBarcelona : _b[s.n.], _c1941 ( _fTip. Católica) |
||
| 300 |
_aIX, 403 p ; _c25 cm. |
||
| 852 |
_aES-MaACL _jF-15339 _bR.19055 |
||
| 999 |
_c122812 _d122812 |
||